| 000 | 00528nam a2200193 a 4500 | ||
|---|---|---|---|
| 020 | _a9789374954317 | ||
| 082 | 0 | 0 |
_a241.52 _bPOD |
| 100 | _aPodimattam, Felix M | ||
| 245 | _aTen Commandments in the Law of Christ | ||
| 260 |
_aDelhi _bMedia House _c2013 |
||
| 300 | _a398p | ||
| 500 | _aincludes index and biblioraphy | ||
| 505 | 2 | _aEpilogue, End Notes | |
| 505 | 2 | _aEpilogue, End Notes00 | |
| 650 | _aChristian Ethics | ||
| 650 | _aTheology (Law) - Biblical Teaching | ||
| 700 | 1 | _aPodimattam, Felix M | |
| 942 | _cBK | ||
| 999 |
_c17416 _d17416 |
||